| 000 | 00818nam a2200229 i 4500 | ||
|---|---|---|---|
| 001 | 189832 | ||
| 003 | ES-MaACL | ||
| 005 | 20250902025140.0 | ||
| 008 | 191203s1968 sp |||| | spa d | ||
| 100 | 1 |
_aChouleur, Jean. _9168971 |
|
| 245 | 1 | 4 |
_aLas técnicas matemáticas en la empresa / _cJean Chouleur ; traducido por Tiburcio Alonso ; prologada por J. M. Elorduy Taubmann. |
| 250 | _a3ª ed. | ||
| 260 |
_aBilbao : _bDeusto, _c[1968] |
||
| 300 |
_a259 p. ; _c22 cm. |
||
| 490 | 1 |
_aEnciclopedia de la Empresa Moderna ; _v6 |
|
| 650 | 4 |
_aGestión de empresas- _xModelos matemáticos. _9168972 |
|
| 700 | 0 |
_aAlonso, Tiburcio. _920249 |
|
| 700 | 1 |
_aElorduy Taubmann, Juan Manuel. _9168962 |
|
| 830 | 0 | 0 |
_aEnciclopedia de la empresa moderna _v6 _9193420 |
| 852 |
_aES-MaACL _jP-1093-6 |
||
| 999 |
_c189832 _d189832 |
||